Az erkölcsi felelősség tudatos poétája száztizenöt éve e napon született Babits Mihály ...

Bibliographic Details
Main Author: Garaj, Lajos, 1932-2008 (Author)
Format: Article
Language:Hungarian
Slovak
PhysicalDescription:Fotogr.
Subjects:

MARC

LEADER 00000nab a2200000 a 4500
001 vtls000677848
003 SK-MaSNL
005 20260318122356.0
008 160314c1998 xo 0 hun
015 |a SNBRB1998/11-30311 
035 |a CLN000030017 
040 |a SNKBUCL  |b slo  |c SNKBUCL  |e AACR2 
041 0 |a slo 
044 |a xo  |c SK 
080 |a 82:929:894.511  |2 UDC-MRF-SK2 
080 |a 894.511:929  |2 UDC-MRF-SK2 
080 |a 929 Babits, Mihály  |2 UDC-MRF-SK2 
100 1 |a Garaj, Lajos,  |d 1932-2008  |4 aut  |9 110163 
245 1 3 |a Az erkölcsi felelősség tudatos poétája  |b száztizenöt éve e napon született Babits Mihály ...  |c Garaj Lajos 
300 |b Fotogr. 
600 1 7 |a Babits, Mihály,  |d 1883-1941  |2 snkbucl  |9 103327 
773 0 |t Új szó  |g Roč. 51, č. 274 (26.11.1998), s. 9 
850 |a Slovenská národná knižnica v Martine 
852 |a SNK  |b KIS3GCP 
958 |a HU 
958 |a LX 
958 |a BX 
958 |a BC 
958 |a RBX 
999 |c 3207313  |d 3209243